FC Bayern München Squad 2019-2020 - Statistics

General Stats
  • This quiz has been taken 113 times
  • The average score is 19 of 27
Answer Stats
# Position Nation Player % Correct
1 GK Germany Manuel Neuer
100%
9 FW Poland Robert Lewandowski
96%
19 DF Canada Alphonso Davies
93%
6 MF Spain Thiago
92%
29 FW France Kingsley Coman
90%
25 FW Germany Thomas Müller
90%
27 DF Austria David Alaba
89%
32 MF Germany Joshua Kimmich
87%
22 FW Germany Serge Gnabry
82%
- Coach Germany Hansi Flick
79%
18 MF Germany Leon Goretzka
79%
5 DF France Benjamin Pavard
76%
14 FW Croatia Ivan Perišić
76%
8 MF Spain Javi Martínez
76%
21 DF France Lucas Hernández
76%
17 DF Germany Jérôme Boateng
75%
4 DF Germany Niklas Süle
75%
10 MF Brazil Philippe Coutinho
75%
26 GK Germany Sven Ulreich
74%
24 MF France Corentin Tolisso
66%
- Coach Croatia Niko Kovač
58%
2 DF Spain Álvaro Odriozola
36%
36 GK Germany Christian Früchtl
28%
11 MF France Michaël Cuisance
26%
39 GK Germany Ron-Thorben Hoffmann
24%
15 FW Germany Fiete Arp
22%
33 DF Germany Lukas Mai
12%
No matching quizzes found
Score Distribution
Percent of People with Each Score
Percentile by Number Answered
Your Score History
You have not taken this quiz